Calidad de vida laboral del personal de salud del area quirúrgica de dos instituciones hspitalarias de la ciudad de Cartagena de Indias en el primer semestre del 2019 / (Registro nro. 4591)

Detalles MARC
000 -LEADER
fixed length control field 02257nam a2200241 4500
005 - DATE AND TIME OF LATEST TRANSACTION
control field 20250329165444.0
008 - FIXED-LENGTH DATA ELEMENTS--GENERAL INFORMATION
fixed length control field 190415s2019 000 0 eng d
040 ## - CATALOGING SOURCE
Original cataloging agency CO-CtgCURN
Language of cataloging spa
Transcribing agency coctgcurn
082 0# - DEWEY DECIMAL CLASSIFICATION NUMBER
Classification number INQ 2019
Item number R934
100 1# - MAIN ENTRY--PERSONAL NAME
Personal name Ruiz Ortega, Jean Paul.
245 10 - TITLE STATEMENT
Title Calidad de vida laboral del personal de salud del area quirúrgica de dos instituciones hspitalarias de la ciudad de Cartagena de Indias en el primer semestre del 2019 /
Statement of responsibility, etc. Jean Paul Ruiz Ortega; Juan Carlos Cañola Saez; Director Claudia Suhey Romero Escobar; Asesor Jaime Lorduy Gomez;.
260 ## - PUBLICATION, DISTRIBUTION, ETC.
Place of publication, distribution, etc. Cartagena de Indias :
Name of publisher, distributor, etc. Corporación Universitaria Rafael Nuñez,
Date of publication, distribution, etc. 2019.
300 ## - PHYSICAL DESCRIPTION
Extent 82 hojas.
504 ## - BIBLIOGRAPHY, ETC. NOTE
Bibliography, etc. note Trabajo de grado (Instrumentación quirúrgica). Corporación Universitaria Rafael Nuñez. Facultad de Ciencias de la Salud. Instrumentación quirúrgica, 2019.
520 ## - SUMMARY, ETC.
Summary, etc. "Las nuevas formas de organización de las empresas se proponen como objetivo el desarrollo pleno de las personas y la educación continua de la fuerza de trabajo, que deben constituir un catalizador de cambios y del desarrollo de nuevos principios de dirección y organización de los procesos, alejados de los criterios elitistas, tecnocráticos y despóticos que se expanden por el mundo. Conceptos tales como participación o tratamiento de las necesidades sociales y psicologicas de los trabajadores, inherentes a nuestra ideología y filosofía, deben materializarse más allá de las apariencias y las sensaciones; para eso, es fundamental enfocar y tratar de manera interdisciplinaria temas como las nuevas formas de organización, la calidad de vida en el trabajo, el desarrollo de los recursos humanos, así como el comportamiento y la cultura organizacional"
650 #0 - SUBJECT ADDED ENTRY--TOPICAL TERM
Topical term or geographic name entry element Instrumentación quirúrgica
Form subdivision Tesis y disertaciones academicas.
700 1# - ADDED ENTRY--PERSONAL NAME
Personal name Cañola Saez, Juan Carlos,
Relator term coautor.
700 1# - ADDED ENTRY--PERSONAL NAME
Personal name Romero Escobar, Claudia Suhey
-- Asesor.
700 1# - ADDED ENTRY--PERSONAL NAME
Personal name Lorduy Gomez, Jaime
-- Asesor.
856 ## - ELECTRONIC LOCATION AND ACCESS
Uniform Resource Identifier <a href="https://unicurn.sharepoint.com/:b:/s/biblioteca/EZLsv2FCelJHpbxkFf0QBMMBTtjNHZcvQ8kU7Om71WBzXg?e=YpwtVm">https://unicurn.sharepoint.com/:b:/s/biblioteca/EZLsv2FCelJHpbxkFf0QBMMBTtjNHZcvQ8kU7Om71WBzXg?e=YpwtVm</a>
Public note Click aqui para ver el recurso en texto completo
942 ## - ADDED ENTRY ELEMENTS (KOHA)
Source of classification or shelving scheme Dewey Decimal Classification
Koha item type Trabajos de grado
Classification part INQ 2019
Item part R934
Existencias
Withdrawn status Lost status Source of classification or shelving scheme Damaged status Not for loan Collection Home library Current library Shelving location Date acquired Source of acquisition Cost, normal purchase price Inventory number Total checkouts Full call number Barcode Date last seen Price effective from Koha item type
    Dewey Decimal Classification     Trabajos de grado Miguel Henríquez Emiliani Miguel Henríquez Emiliani Trabajo de grado 06/01/2019 El autor 350000.00 022753   INQ 2019 R934 022753 06/20/2019 06/20/2019 Trabajos de grado